Catálogo
 En Linea
Vista normal Vista MARC

Entrada Término temático

Número de registros utilizados en: 60

001 - NÚMERO DE CONTROL

  • campo de control: 1061

003 - IDENTIFICADOR DEL NÚMERO DE CONTROL

  • campo de control: BNPHU

005 - FECHA Y HORA DE LA ÚLTIMA TRANSACCIÓN

  • campo de control: 20240417105151.0

008 - DATOS DE LONGITUD FIJA

  • campo de control de longitud fija: 200615|| aca||aabn | a|a d

010 ## - NÚMERO DE CONTROL DE LA BIBLIOTECA DEL CONGRESO

  • Número de control de LC: sh 85124200

040 ## - FUENTE DE LA CATALOGACIÓN

  • Centro catalogador/agencia de origen: DO-SdBNP
  • Lengua de catalogación: spa
  • Centro/agencia transcriptor: BNPHU
  • Normas de descripción: rda

150 ## - ENCABEZAMIENTO--TÉRMINO DE MATERIA

  • Término de materia o nombre geográfico como elemento de entrada: Sociología

360 ## - REFERENCIA COMPLEJA DE VÉASE ADEMÁS-MATERIA

  • Texto explicativo: subdivision
  • Encabezamiento referido a: Aspectos sociológicos
  • Texto explicativo: bajo tipos de instituciones, por ejemplo,
  • Encabezamiento referido a: Universidades--Aspectos sociológicos

450 ## - TRAZADO DE VÉASE--TÉRMINO DE MATERIA

  • Término de materia que sigue a un nombre geográfico como elemento de entrada: Sociology

450 ## - TRAZADO DE VÉASE--TÉRMINO DE MATERIA

  • Término de materia o nombre geográfico como elemento de entrada: Anomía

450 ## - TRAZADO DE VÉASE--TÉRMINO DE MATERIA

  • Término de materia o nombre geográfico como elemento de entrada: Ciencias sociales

550 ## - TRAZADO VÉASE ADEMÁS--TÉRMINO DE MATERIA

  • Término de materia o nombre geográfico como elemento de entrada: Ciencias sociales
  • Subcampo de control: g

550 ## - TRAZADO VÉASE ADEMÁS--TÉRMINO DE MATERIA

  • Término de materia o nombre geográfico como elemento de entrada: Autoría
  • Subdivisión general: Aspectos sociológicos
  • Subcampo de control: h

670 ## - FUENTE DE DATOS ENCONTRADOS

  • Cita de la fuente: Work cat.: (OSt)311: D'Oleo Ramírez, Frank. 1060, Introducción a la sociología :, 2007.

670 ## - FUENTE DE DATOS ENCONTRADOS

  • Identificador Uniforme del Recurso: https://authorities.loc.gov/cgi-bin/Pwebrecon.cgi?AuthRecID=4773215&v1=1&HC=119&SEQ=20240416172058&PID=cLD5MHsiQmnM_GzWjS8j_lPh-mPY Consultado en: 16 de abril, 2024

670 ## - FUENTE DE DATOS ENCONTRADOS

  • Identificador Uniforme del Recurso: https://librunam.dgb.unam.mx:8443/F/1ABVPHR4XRU9UICYX3SVRDNDS6U4UU9LASTJJJV9Q5QFAJRHIU-29395?func=full-set-set&set_number=026949&set_entry=000003&format=001 Consultado en: 16 de abril, 2024

680 ## - NOTA GENERAL PÚBLICA

  • Texto explicativo: Aquí se asientan las obras sobre la sociología como una rama del aprendizaje. Este encabezamiento puede ser subdividido geográficamente para los trabajos en esta rama del aprendizaje en un lugar específico. Obras sobre las condiciones sociales de regiones particulares, países, ciudades, etc., se asientan bajo el nombre del lugar subdividido por
  • Encabezamiento o término de subdivisión: Condiciones sociales

Con tecnología Koha